00561nam a2200181 a 45000010010000000030011000100080041000210350026000620820016000881000017001042450048001212600056001696500017002259420012002429520090002549980020003449990015003640000-9049ELIB.Books110520 1963  a(ELIB.Books)0000-9198 a225.7 bBru aBruce, F. F. aTyndale (The Epistle of Paul to the Romans) bGrand Rapids: Wm. B. Eerdmans Publishing Co. c1963 aCommentaries 2ddccBK 00102ddc4070aKBTSbKBTSd2011-05-20l0p2818r2022-01-22 00:00:00w2022-01-22yBK cbate2011-05-20 c9049d9049